| 000 | 00585nam a22001697a 4500 | ||
|---|---|---|---|
| 020 | _qHard Cover. | ||
| 082 | _a670.5 | ||
| 100 | _aAli, Saad. | ||
| 245 |
_aLumped Parameter Modeling of Hybrid Electromechanical Valve Actuator _cSaad Ali. |
||
| 260 |
_aIslamabad: _bSMME - NUST, _c2018. |
||
| 300 |
_a61 p. : ill. ; _c30cm. |
||
| 650 |
_aMechanical and Manufacturing Engineering MS-Thesis. _921310 |
||
| 700 |
_aDr. Jawad Aslam _925775 |
||
| 856 | _uhttp://10.250.8.41:8080/xmlui/handle/123456789/12416 | ||
| 942 |
_2ddc _cTHE |
||
| 999 |
_c532328 _d532328 |
||